书目信息 |
| 题名: |
香港知识500问
|
|
| 作者: | ;全国香港知识竞赛活动组委会 编 | |
| 分册: | ||
| 出版信息: | 北京 北京科学技术出版社 1996 |
|
| 页数: | 31,275页 | |
| 开本: | 19cm | |
| 丛书名: | ||
| 单 册: | ||
| 中图分类: | D625.658-62 | |
| 科图分类: | ||
| 主题词: | 政治--中国 | |
| 电子资源: | ||
| ISBN: | 7-5304-1862-9 | |
| 000 | 00732nam0 2200229 450 | |
| 001 | 1561715227 | |
| 005 | 20151110101251.11 | |
| 010 | @a7-5304-1862-9@dCNY12.00 | |
| 100 | @a20021005d1996 em y0chiy50 ea | |
| 101 | 0 | @achi@aeng |
| 102 | @aCN@b810000 | |
| 105 | @ay z 000yy | |
| 200 | 1 | @a香港知识500问@9xiang gang zhi shi 500 wen@f全国香港知识竞赛活动组委会编 |
| 210 | @a北京@c北京科学技术出版社@d1996 | |
| 215 | @a31,275页@d19cm | |
| 300 | @a全国香港知识竞赛活动参考资料汇编 | |
| 606 | 0 | @a政治@x中国 |
| 607 | @a香港@x概况 | |
| 690 | @aD625.658-62@v4 | |
| 711 | 02 | @a全国香港知识竞赛活动组委会@9quan guo xiang gang zhi shi jingsai huo dong zu wei hui@4编 |
| 801 | 0 | @aCN@bTSSF@c20150127 |
| 905 | @aZUCC@dD625.658-62@eJY2 | |
| 香港知识500问/全国香港知识竞赛活动组委会编.-北京:北京科学技术出版社,1996 |
| 31,275页;19cm |
| 全国香港知识竞赛活动参考资料汇编 |
| ISBN 7-5304-1862-9:CNY12.00 |
| ● |
| 相关链接 |
|
|
|
|
正题名:香港知识500问
索取号:D625.658-62/JY2
 
预约/预借
| 序号 | 登录号 | 条形码 | 馆藏地/架位号 | 状态 | 备注 |
| 1 | 7841950 | 278419506 | 学院路分馆/ [索取号:D625.658-62/JY2] | 在馆 | |
| 2 | 7841951 | 278419515 | 学院路分馆/ [索取号:D625.658-62/JY2] | 在馆 | |
| 3 | 7841952 | 278419524 | 学院路分馆/ [索取号:D625.658-62/JY2] | 在馆 | |
| 4 | 7841953 | 278419533 | 学院路分馆/ [索取号:D625.658-62/JY2] | 在馆 |